Preceptos para la primera clase de gramatica, que con real privilegio se imprimen en la Puebla de los Angeles

Detalles Bibliográficos
Formato: Libro
Lenguaje:Spanish
Publicado: [Puebla] : en la oficina de Don Pedro de la Rosa en el Portal de las Flores, 18--.
Materias:
Colección:Banco de datos
Acervo:Seminario Conciliar de Nuestra Señora de Guadalupe Querétaro. Qro.. Biblioteca Florencio Rosas. Fondo Reservado
Descripción Física:[16] h. ; 8°
Tema general:Español - Gramáticas
Notas:Portada tipográfica con orla y escudo de la Sociedad de Jesús en grabado xilográfico. Texto a renglón seguido con signaturas y reclamos. Daños de mutilación, falta fragmento de la portada
LEADER 00823nam a22001690004500
035 |a 2647 
041 0 |a spa 
245 1 0 |a Preceptos para la primera clase de gramatica, que con real privilegio se imprimen en la Puebla de los Angeles 
260 |a [Puebla] : en la oficina de Don Pedro de la Rosa en el Portal de las Flores, 18--. 
300 |a [16] h. ; 8° 
500 |a Portada tipográfica con orla y escudo de la Sociedad de Jesús en grabado xilográfico. Texto a renglón seguido con signaturas y reclamos. Daños de mutilación, falta fragmento de la portada 
501 |a 1 obra  
650 1 0 |a Español - Gramáticas 
949 |a Fondo Reservado: 6069-B 
942 |c QUER-RES 
943 |g Seminario Conciliar de Nuestra Señora de Guadalupe Querétaro. Qro.. Biblioteca Florencio Rosas. Fondo Reservado 
999 |c 1110311  |d 1110311